Particulars and conditions of sale, of the first portion of very valuable and important freehold property, in the parish of Battersea, consisting of numerous plots of land, in Battersea Fields, on the north side of the road, leading from Vauxhall to Battersea, having considerable frontages thereto, and also to the River Thames, with docks, and other conveniences, extending westward from Nine Elms, to the Battersea Bridge Road, including many sites eligible for building purposes, also the well-known and much-frequented tavern, The Red House ... some houses near Battersea Bridge; and the vitriol manufactory and premises, at Nine Elms ... which will be sold by auction, by Mr. Rainy ... on Tuesday, the 23rd day of June, 1835 ... in sixty-one lots (Record no. 114464)

MARC details
000 -LEADER
fixed length control field 01316cam a22001815a 4500
001 - CONTROL NUMBER
control field L156878
008 - FIXED-LENGTH DATA ELEMENTS--GENERAL INFORMATION
fixed length control field 120724s1835 xxk f 000 0 eng d
035 ## - SYSTEM CONTROL NUMBER
System control number (Sirsi) u156878
041 0# - LANGUAGE CODE
Language code of text/sound track or separate title eng
245 00 - TITLE STATEMENT
Title Particulars and conditions of sale, of the first portion of very valuable and important freehold property, in the parish of Battersea, consisting of numerous plots of land, in Battersea Fields, on the north side of the road, leading from Vauxhall to Battersea, having considerable frontages thereto, and also to the River Thames, with docks, and other conveniences, extending westward from Nine Elms, to the Battersea Bridge Road, including many sites eligible for building purposes, also the well-known and much-frequented tavern, The Red House ... some houses near Battersea Bridge; and the vitriol manufactory and premises, at Nine Elms ... which will be sold by auction, by Mr. Rainy ... on Tuesday, the 23rd day of June, 1835 ... in sixty-one lots
260 ## - PUBLICATION, DISTRIBUTION, ETC.
Place of publication, distribution, etc. [London]
Name of publisher, distributor, etc. Printed by T. Brettell, Rupert Street, Haymarket
Date of publication, distribution, etc. [1835]
300 ## - PHYSICAL DESCRIPTION
Extent 35 p.
Other physical details 1 folded col. plan
Dimensions 24 cm.
520 ## - SUMMARY, ETC.
Summary, etc. The item contains pencil annotations with details of prices paid for lots.
583 ## - ACTION NOTE
Action Condition reviewed
Time/date of action 20120620
Status condition level 4
651 #4 - SUBJECT ADDED ENTRY--GEOGRAPHIC NAME
Geographic name London
690 ## - LOCAL SUBJECT ADDED ENTRY--TOPICAL TERM (OCLC, RLIN)
Topical term or geographic name as entry element Auctioneering
9 (RLIN) 6218
942 ## - ADDED ENTRY ELEMENTS (KOHA)
Suppress in OPAC 0
Holdings
Withdrawn status Lost status Source of classification or shelving scheme Damaged status Not for loan Home library Current library Shelving location Date acquired Total Checkouts Full call number Barcode Date last seen Copy number Price effective from Koha item type
    Dewey Decimal Classification     Historic collection Historic collection Historic collection 24/07/2012   QUARTO 1835 PARTICULARS 30077109 06/08/2019 1 06/08/2019 Book